Представление документа в формате RUSMARC

ПолеНазваниеЗначение
  Тип записи a
  Библиографический уровень m
001 Контрольный номер RU/SLIB/B/208716374
005 Дата корректировки 20201206203929.7
010 Индекс ISBN __
d Цена 1-32
101 Язык документа __
a Язык текста rus
200 Заглавие и сведения об ответственности 0_
a Заглавие О поэтах, о стихах, о песнях
f Первые сведения об ответственности Исаковский М. В.
b Общее обозначение материала Текст
205 Сведения об издании __
a Основные сведения об издании 2-е изд., доп.
210 Выходные данные __
a Место издания М.
c Издательство Современник
d Дата издания 1972
215 Физическое описание __
a Объем 430 с.
225 Серия __
a Серия Библиотека "О времени и о себе"
600 Персоналии __
a Персоналии (Фамилия) Горький, М.
600 Персоналии __
a Персоналии (Фамилия) Исаковский, М. В.
606 Тематические рубрики __
a Основная рубрика Литературоведение
606 Тематические рубрики __
a Основная рубрика Русская литература XIX в.
606 Тематические рубрики __
a Основная рубрика Русская литература XX в.
606 Тематические рубрики __
a Основная рубрика Художественная литература
606 Тематические рубрики __
a Основная рубрика Русская литература XIX в. (произведения)
606 Тематические рубрики __
a Основная рубрика Русская литература XX в. (произведения)
y Географическая подрубрика Россия; СССР
610 Ключевые слова __
a Ключевые слова поэты; советская литература; песни; поэзия; стихотворения; литературная деятельность; литературная критика; литературное творчество; персоналии
686 Индексы других классификаций __
a Классификационный индекс 83.3(2Рос=Рус)6
686 Индексы других классификаций __
a Классификационный индекс 84(2Рос=Рус)6-4; ст83.3(2Рос=Рус)6 + ст84(2Рос=Рус)6-4
700 Автор _1
a Фамилия Исаковский
b Имя М. В.
4 Код отношения 070
801 Источник записи _0
a Страна RU
b Организация Муниципальное бюджетное учреждение культуры "Централизованная библиотечная система" г. Сургут (Центральная городская библиотека им. А. С. Пушкина)
g Правила каталогизации К/Пронина
801 Источник записи _1
a Страна RU
b Организация Муниципальное бюджетное учреждение культуры "Централизованная библиотечная система" г. Сургут (Центральная городская библиотека им. А. С. Пушкина)
g Правила каталогизации К/Пронина
852 Данные о местонахождении __
j Шифр хранения 83.3(2Рос=Рус)6
i Авторский знак И 85
p Инвентарный номер 2452(д); 7134(с)
901 Тип документа __
t Тип документа m
990 Данные о заказе (DOS) __
j Количество экземпляров (DOS) 2